| 000 | 00655nam a2200241Ia 4500 | ||
|---|---|---|---|
| 003 | OSt | ||
| 005 | 20220925230642.0 | ||
| 006 | a|||||r|||| 00| 0 | ||
| 007 | ta | ||
| 008 | 220923b |||||||| |||| 00| 0 eng d | ||
| 020 | _a1 85649 420 9 | ||
| 037 | _cGeneral Book | ||
| 040 |
_aRTL _cRTL _beng |
||
| 041 |
_2eng _aeng |
||
| 082 | _aY22178.1(X).N9, N6 | ||
| 100 |
_aOwen Margaret _9294073 |
||
| 245 | 0 | _aWorld of widows | |
| 260 |
_aLondon _bZed Books _c1996 |
||
| 300 |
_ax ,214p _ccm. |
||
| 650 |
_aMarriage and Kinship _9230715 |
||
| 942 |
_hY22178.1(X).N9, N6 _cGB _2CC |
||
| 999 |
_c586269 _d586269 |
||